ढाई आखर / (Record no. 14942)

MARC details
000 -LEADER
fixed length control field 01186nam a22002777a 4500
005 - DATE AND TIME OF LATEST TRANSACTION
control field 20080820102532.0
008 - FIXED-LENGTH DATA ELEMENTS--GENERAL INFORMATION
fixed length control field 080820t xxu||||| |||| 00| j hin d
010 ## - LIBRARY OF CONGRESS CONTROL NUMBER
LC control number HIN-84001
020 ## - INTERNATIONAL STANDARD BOOK NUMBER
Terms of availability 140.00
International Standard Book Number 9788188286430
035 ## - SYSTEM CONTROL NUMBER
System control number HN-56347
037 ## - SOURCE OF ACQUISITION
Stock number DBAD / PUB
040 ## - CATALOGING SOURCE
Original cataloging agency DPL
Language of cataloging HN
082 ## - DEWEY DECIMAL CLASSIFICATION NUMBER
Classification number
100 ## - MAIN ENTRY--PERSONAL NAME
Personal name आवटे, गोपाल नारायण
245 ## - TITLE STATEMENT
Title ढाई आखर /
Statement of responsibility, etc गोपाल नारायण आवटे
246 ## - VARYING FORM OF TITLE
Title proper/short title Dhaai Aakhara
Remainder of title by G.N.Aavate
260 ## - PUBLICATION, DISTRIBUTION, ETC. (IMPRINT)
Place of publication, distribution, etc दिल्ली
Name of publisher, distributor, etc नार्थ इंडिया पब्लिशर्स
Date of publication, distribution, etc 2007
270 ## - ADDRESS
Address फेस ई 1/265, गली नं-17, सोनिया विहार
City दिल्ली
Postal code 110094
300 ## - PHYSICAL DESCRIPTION
Extent 104पृ
Dimensions 22सेमी (सजिल्द)
650 ## - SUBJECT ADDED ENTRY--TOPICAL TERM
Topical term or geographic name as entry element लघु कथायें, हिन्दी
650 ## - SUBJECT ADDED ENTRY--TOPICAL TERM
Topical term or geographic name as entry element हिन्दी कहानियाँ
650 ## - SUBJECT ADDED ENTRY--TOPICAL TERM
Topical term or geographic name as entry element Short stories, Hindi
650 ## - SUBJECT ADDED ENTRY--TOPICAL TERM
Topical term or geographic name as entry element Hindi stories
942 ## - ADDED ENTRY ELEMENTS (KOHA)
Source of classification or shelving scheme Dewey Decimal Classification
Koha item type Hindi Books
Call number prefix
Call number suffix आवटे
Holdings
Withdrawn status Lost status Damaged status Not for loan Collection code Home library Current library Date acquired Source of acquisition Cost, normal purchase price Total Checkouts Full call number Barcode Date last seen Copy number Cost, replacement price Price effective from Koha item type
      Not For Loan Fiction D.B.Act.Division D.B.Act.Division 20/08/2008 DBAD / PUB 140.00   क आवटे HN-56347 15/09/2008 1 140.00 15/09/2008 Hindi Books

© Delhi Public Library
Hit Counter
free hit counter